Mystery Movie Puzzle II Quiz Stats

 Plays Quiz Updated Nov 5, 2017

Challenge
Share
Tweet
Embed
Score 0/21 Timer 10:00
1 Play Today
Hint Answer % Correct
Jimmy Stewart and Alfred Hitchcock Collaborations(Rear Window) Hint 1: This filmmaking and screenwriting duo also often edit together under the pseudonym 'Roderick Jaynes.'
85.6%
Original 'Ghostbusters' Characters Names(Dr. Peter Venkman) Hint 1: This actor was born in Missouri in 1952.
81.8%
Jimmy Stewart and Alfred Hitchcock Collaborations(Vertigo) Hint 2: Collectively they have 14 Academy Award nominations and four wins, as well as a Palme d'Or award.
81.6%
Original 'Ghostbusters' Characters Names(Dr. Egon Spengler) Hint 3: He has hosted SNL 13 times, placing him 3rd overall behind Alec Baldwin and Steve Martin.
78.5%
Actors to Portray Mystery Inc. in 'Scooby-Doo' (2002)(Sarah Michelle Gellar) Hint 2: He once played a suspected cop killer in the 1990s TV series 'Homicide: Life on the Street.'
77.6%
Actors to Portray Mystery Inc. in 'Scooby-Doo' (2002)(Freddie Prinze Jr.) Hint 1: Before becoming an actor, he worked for the FDNY from 1980-84.
76.7%
Original 'Ghostbusters' Characters Names(Dr. Ray Stantz) Hint 2: He attended college in Missouri, where he played football and dabbled in theater.
75.4%
Original 'Ghostbusters' Characters Names(Winston Zeddemore) Hint 4: He won a Golden Globe for Best Actor in 1993 for his work on the TV show 'Roseanne.'
69%
Jimmy Stewart and Alfred Hitchcock Collaborations(Rope) Hint 3: Made their debut with 1984's 'Blood Simple.'
68.6%
Jimmy Stewart and Alfred Hitchcock Collaborations(The Man Who Knew Too Much) Hint 4: Frequent collaborators include: John Turturro, Frances McDormand, J.K. Simmons and George Clooney, among others.
67%
Actors to Portray Mystery Inc. in 'Scooby-Doo' (2002)(Matthew Lillard) Hint 3: His first major film role was playing Mr. Pink in 'Reservoir Dogs', a role that Director Quentin Tarantino had originally written for himself.
65.8%
Hint Answer % Correct
Four Films to Lose 1994 Best Picture to 'Forrest Gump'(Pulp Fiction) Hint 1: This actor is also a talented guitarist and country music singer, sometimes playing alongside his friend and co-star Kris Kristofferson.
65.1%
Jimmy Stewart and Alfred Hitchcock CollaborationsThe Coen Brothers
64.4%
Four Films to Lose 1994 Best Picture to 'Forrest Gump'(The Shawshank Redemption) Hint 2: His first big role came in 1971 when he played small-town Texas oil worker cum Army recruit Duane Jackson in 'The Last Picture Show.'
64.3%
Original 'Ghostbusters' Characters NamesJohn Goodman
64.1%
Actors to Portray Mystery Inc. in 'Scooby-Doo' (2002)(Linda Cardellini) Hint 4: He starred in the HBO TV Series 'Boardwalk Empire', playing Atlantic City gangster Nucky Thompson and earning three Golden Globe nominations for Best Actor, including one win in 2011.
63.8%
Actors to Portray Mystery Inc. in 'Scooby-Doo' (2002)Steve Buscemi
62.3%
Four Films to Lose 1994 Best Picture to 'Forrest Gump'(Four Weddings and a Funeral) Hint 3: In 2010, at the age of 60, he won his first Academy Award for Best Actor. His first nomination was in 1971.
58.6%
Four Films to Lose 1994 Best Picture to 'Forrest Gump'(Quiz Show) Hint 4: He followed in the footsteps of John Wayne, playing Rooster Cogburn in the 2010 remake of 'True Grit.'
58.3%
Four Films to Lose 1994 Best Picture to 'Forrest Gump'Jeff Bridges
57.3%
Mystery Movie?The Big Lebowski (1998)
54.8%

You're not logged in!

Compare scores with friends on all Sporcle quizzes.
Join for Free
OR
Log In

You Might Also Like...

Show Comments

Extras

Top Quizzes Today


Score Distribution

Your Account Isn't Verified!

In order to create a playlist on Sporcle, you need to verify the email address you used during registration. Go to your Sporcle Settings to finish the process.

Report this User

Report this user for behavior that violates our Community Guidelines.

Details: